000 00444cam a2200145 4500500
005 20251012012354.0
041 _afre
042 _adc
100 1 0 _aPernes, Caroline
_eauthor
245 0 0 _a“Suicide”
260 _c2022.
500 _a7
786 0 _nPhilosophie magazine | 163 | 10 | 2022-10-01 | p. 50-50 | 1951-1787
856 4 1 _uhttps://shs.cairn.info/magazine-philosophie-magazine-2022-10-page-50?lang=fr&redirect-ssocas=7080
999 _c1526441
_d1526441